00565 2200205 4500001002100000005001700021008004100038035002400079082001100103090001900114245006400133260004600197300002400243650002800267850002100295980001300316985000600329986000900335999001500344YOGYA-0209000004259220090227025859.0 ind  0010-020900000042592 a332.11 a332.11bMenlT aMengenal bank pembangunan daerah Daerah Istimewa Yogyakarta aYogyakartabBank Pembangunan Daerahc1976 a16 hlmbilusc21 cm aBank Pembangunan Daerah aYOPDYOG [TRM 29] a2-8-2007 a1 aRuni a07A0025741